|
|
|
|
| LEADER |
00000nab a2200000 a 4500 |
| 001 |
vtls008850880 |
| 003 |
SK-MaSNL |
| 005 |
20260304174326.0 |
| 008 |
250505c2006 xo fr|p|||||||000 b|slo |
| 015 |
|
|
|a SNBRB2006/09
|2 snkbucl
|
| 035 |
|
|
|a (uuid)72a5b2eb-9769-4739-8e25-668150f2f3d6
|
| 035 |
|
|
|a urn:nbn:sk:snk-abf4tc
|
| 035 |
|
|
|a (urnnbn)urn:nbn:sk:snk:ar-a09oou
|
| 038 |
|
|
|a SNKBUCL
|
| 040 |
|
|
|a SNKBUCL
|b slo
|c SNKBUCL
|e AACR2
|
| 041 |
0 |
|
|a slo
|
| 044 |
|
|
|a xo
|c SK
|
| 080 |
|
|
|a 614.2:336
|x (048)
|2 1997
|
| 100 |
1 |
|
|a Štrangfeldová, Jana,
|d 1960-
|4 aut
|9 311862
|
| 245 |
1 |
0 |
|a Murgaš, M.: Ekonómia zdravotníckych služieb
|c Jana Štrangfeldová
|
| 650 |
0 |
7 |
|a zdravotnícke služby
|2 snkbucl
|9 443770
|
| 650 |
0 |
7 |
|a ekonomika zdravotníctva
|2 snkbucl
|9 67484
|
| 655 |
|
7 |
|a recenzie
|2 snkbucl
|9 21907
|
| 773 |
0 |
|
|t Ekonomika a spoločnosť = Journal of Economics and Social Research
|g Roč. 7, č. 1 (2006), s. 99-100
|x 1335-7069
|
| 787 |
0 |
8 |
|i Rec.:
|a Murgaš, Milan
|t Ekonómia zdravotníckych služieb
|d Banská Bystrica : Ekonomická fakulta Univerzity Mateja Bela, 2004
|z 8080558914
|
| 850 |
|
|
|a Slovenská národná knižnica
|
| 852 |
|
|
|a Slovenská národná knižnica
|
| 954 |
|
|
|a odborná, vedecká literatúra pôvodná (slovenská)
|2 lita
|
| 958 |
|
|
|a article27
|
| 958 |
|
|
|a RC
|
| 958 |
|
|
|a OND
|
| 958 |
|
|
|a EUIPO
|
| 999 |
|
|
|c 3008022
|d 3009952
|